Konsolidácia slovenského pivovarníctva

Slovenský trh s pivom. Odkúpenie Topoľčianskeho pivovaru Topvar juhoafrickým pivovarníckym koncernom SABMiller. Holandský Heineken a jeho portfólio slovenských značiek. Posilnenie konkurencie medzi dvoma lídrami. Úspech malých pivovarov bude závisieť od toho, ak sa dokážu presadiť vo svojich regióno...

Descrizione completa

Salvato in:
Dettagli Bibliografici
Autore principale: Kováč, Vladimír
Natura: Capitolo di libro
Lingua:slovacco
Soggetti:
Tags: Aggiungi Tag
Nessun Tag, puoi essere il primo ad aggiungerne!!

MARC

LEADER 00000naa$a2200000$$$4500
001 0042092
005 20240502071513.2
041 0 |a slo 
044 |a SK 
245 1 0 |a Konsolidácia slovenského pivovarníctva  |c Vladimír Kováč 
520 |a Slovenský trh s pivom. Odkúpenie Topoľčianskeho pivovaru Topvar juhoafrickým pivovarníckym koncernom SABMiller. Holandský Heineken a jeho portfólio slovenských značiek. Posilnenie konkurencie medzi dvoma lídrami. Úspech malých pivovarov bude závisieť od toho, ak sa dokážu presadiť vo svojich regiónoch. Prínos zahraničných investorov do slovenského pivovarníctva. Spotreba piva na Slovensku. Najväčšie pivovary na svete. 
610 2 0 |a pivovarníctvo 
610 2 0 |a Slovensko 
610 2 0 |a investori 
610 2 0 |a spotreba obyvateľstva 
610 2 0 |a pivo 
610 2 0 |a pivovary 
100 1 |a Kováč, Vladimír